| 000 | 01417nam a2200265Ia 4500 | ||
|---|---|---|---|
| 999 |
_c40873 _d40873 |
||
| 001 | 7517 | ||
| 003 | GE_BSU | ||
| 005 | 20200109125826.0 | ||
| 008 | 181216s2011||||ge |||||||||||||| ||geo|| | ||
| 020 | _a9789941033643 | ||
| 040 | _cGE_BSU | ||
| 041 | _ageo | ||
| 080 | _a323.173(479.224)+323(479.22)+94(479.224) ს-37 | ||
| 100 |
_aსაჯაია, სერგი (გიორგი) _96037 |
||
| 245 |
_aდივერსიული ეთნოფაბრიკაციების ახალი ტალღა ჩრდილო-დასავლეთ საქართველოში / _cსერგი (გიორგი) საჯაია ; [რედ. თემურ ქორიძე]. |
||
| 264 |
_aთბილისი, _c2011. |
||
| 300 |
_a497 გვ. ; _b30 სმ. |
||
| 501 | _a დანართები: გვ. 416-496. | ||
| 653 | _aქართულ-აფხაზური კონფლიქტი | ||
| 653 | _aსაქართველო-რუსეთის ურთიერთობების ისტორია | ||
| 700 |
_aქორიძე, თემურ _eრედაქტორი _96049 |
||
| 710 |
_aაფხაზეთმცოდნეობის ცენტრი _96044 |
||
| 856 |
_uhttp://dspace.nplg.gov.ge/bitstream/1234/11404/1/Diversiuli_Etnofabrikaciebi.pdf _y ელ. ვერსია, pdf |
||
| 942 |
_cBK _2udc |
||